Biskupský generálny vikár dr. Ján Kohúth 50-ročným kňazom

Portrét slovenského kňaza, pripojený k životopisnému článku Juraja Šimalčíka

Podrobná bibliografia
Médium: Článok
Jazyk:slovenčina
Predmet:

MARC

LEADER 00000nab a22000001a 4500
001 vtls010306477
003 SK-MaSNL
005 20260304234113.0
008 110826d19260704xo |r|p|||| |000 b|slo
015 |a SNBRRBVU1918-1938 
038 |a SNKBUCL 
038 |a SNKBUVU 
040 |a SNKBUVU  |b slo  |c SNKBUCL  |e AACR2 
041 0 |a slo 
044 |a xo  |c SK 
080 |a 761  |2 1997 
080 |a 272  |2 1997 
245 0 0 |a Biskupský generálny vikár dr. Ján Kohúth 50-ročným kňazom 
520 |a Portrét slovenského kňaza, pripojený k životopisnému článku Juraja Šimalčíka 
600 1 7 |a Kohuth, Ján,  |d 1852-1930  |2 MM  |9 261965 
650 0 7 |a slovenská grafika  |2 MM  |9 31108 
650 0 7 |a linoryt  |2 snkbucl  |9 239198 
650 0 7 |a portréty  |2 MM  |9 2975 
655 7 |a reprodukcie výtvarných diel  |2 MM  |9 310790 
773 0 |t Slovák  |g Roč. 8, č. 148 (4.7.1926), s. 3-4 
852 |a SNK  |b KIS3GCP 
910 |a snkrbvumm 
958 |a VY 
999 |c 3202170  |d 3204100